| 000 | 00282 a2200109 4500 | ||
|---|---|---|---|
| 001 | 31573 | ||
| 082 | _a355.622 MCK | ||
| 090 |
_c21428 _d21428 |
||
| 100 | _aLooney, Robert E | ||
| 245 |
_aFundamentals of Heat and Mass Transfer _cMcKinlay Robert |
||
| 260 |
_aN.y _bJohn Wiley _c1996 |
||
| 942 |
_aNUST-CAE _k355.622 MCK |
||
| 999 |
_c266646 _d266646 |
||